Countries With the Most German Speakers - Statistics

General Stats
  • This quiz has been taken 94,555 times
    34,788 since last reset
  • The average score is 11 of 14
Answer Stats
# Speakers % Country % Correct
68.1 m 81.34 Germany
100%
8.07 m 88.6 Austria
96%
5.52 m 61.4 Switzerland
95%
1.06 m 0.3 United States
92%
1.23 m 1.77 France
90%
227 k 0.6 Poland
90%
82.4 k 0.7 Belgium
84%
301 k 0.51 Italy
83%
322 k 0.8 Canada
81%
211 k 0.44 Spain
71%
108 k 0.4 Australia
65%
3.45 m 1.62 Brazil
65%
82.3 k 0.65 Bolivia
35%
94.3 k 0.45 Kazakhstan
12%
No matching quizzes found
Score Distribution
Percent of People with Each Score
Percentile by Number Answered
Your Score History
You have not taken this quiz since the last reset